LEADER 01391nam a2200325 a 4500 001 000000126434 003 CaOOAMICUS 005 20111004144445.0 008 111004s2006 it ab u000 u ita r 020 $a88-430-3898-2 040 $aPUL$bita 041 1 $aita$heng 082 04$a035 100 1 $aMcGovern, Patrick E.$0(OLS)http://pul/name/80510 240 10$aAncient wine.$lItaliano.$0(OLS)http://pul/title/159691 245 12$aL'archeologo e l'uva :$bVite e vino dal Neolitico alla Grecia arcaica /$cPatrick E. McGovern. 260 $aRoma :$bCarocci,$c©2006. 300 $a334 p. :$bill., c. geogr. ;$c22 cm. 490 1 $aQuality paperbacks ;$v191 504 $aComprende riferimenti bibliografici e indice. 650 4$aGrecia antica$xCultura.$0(OLS)http://pul/subject/34952 830 0$aQuality paperbacks (Carocci) ;$v191.$0(OLS)http://pul/title/103487 850 $aPUL 852 $aPUL$W1$xDP2 Cons. Gen., Altre Classi 3$y97$m035 COLL 1.191$j146217$qDDC 21$B144895$CPULBib$Z2$F144895 $H116405 $82 941 1 $a9 996 $6020$a88-430-3898-2$9(OLS)http://pul/number/148070 996 $6082$a035$9(OLS)http://pul/classification/471 996 $6245$aL'archeologo e l'uva :$bVite e vino dal Neolitico alla Grecia arcaica$9(OLS)http://pul/title/159690 996 $6260$aRoma :$bCarocci$9(OLS)http://pul/publisher/66917 LEADER 01203nam a2200301 u 4500 001 000000079532 003 CaOOAMICUS 005 20070226123541.0 008 040607s1994 sz u000 u fre u 020 $a2830907035 035 $a10997997 040 $aPUL$bita 041 1 $afre$hheb 130 0 $aBiblia.$pV.T.$pSamuel.$lFrancese.$0(OLS)http://pul/title/104150 245 14$aLes Livres de Samuel /$cAndré Caquot, Fhilippe De Robert. 260 $aGenève :$bLabor et Fides,$cc1994. 300 $a649 p. ;$c24 cm 490 1 $aCommentaire de l'Ancien Testament ;$v6 504 $aBibliografia in nota. 700 1 $aRobert, Philippe de.$0(OLS)http://pul/name/52972 700 1 $aCaquot, André.$0(OLS)http://pul/name/746 830 0$aCommentaire de l'Ancien Testament ;$v6.$0(OLS)http://pul/title/18892 850 $aPUL 852 $aPUL$W1$xSL Religione 3$y85$m222 CAQAN 1$j101757$nBK-PRI$b $qDDC 21$B101757$CPULBib$Z2$F101757 $HPUL94871 $81 941 1 $a9 996 $6020$a2830907035$9(OLS)http://pul/number/104628 996 $6245$aLes Livres de Samuel$9(OLS)http://pul/title/104151 996 $6260$aGenève :$bLabor et Fides$9(OLS)http://pul/publisher/61349